Vývoj makroekonomických ukazovateľov SR po vstupe do Európskej únie a ich komparácia s európskymi krajinami

Makroekonomická situácia SR po vstupe do EÚ je neuspokojivá. Zaostávanie v HDP na obyvateľa, v produktivite práce, v spotrebe domácností, aj v ďalších ukazovateľoch, ktoré vypovedajú o kvalite životnej úrovne. SR je oslabovaná vysokou infláciou, vysokými deficitmi bežného účtu aj verejných financií,...

Descripción completa

Guardado en:
Detalles Bibliográficos
Autor principal: Novák, Marcel, 1979-
Formato: Capítulo de libro
Lenguaje:eslovaco
Materias:
Etiquetas: Agregar Etiqueta
Sin Etiquetas, Sea el primero en etiquetar este registro!

MARC

LEADER 00000naa$a2200000$$$4500
001 0045403
005 20240502071526.9
041 0 |a slo 
044 |a SK 
245 1 0 |a Vývoj makroekonomických ukazovateľov SR po vstupe do Európskej únie a ich komparácia s európskymi krajinami  |c Marcel Novák 
520 |a Makroekonomická situácia SR po vstupe do EÚ je neuspokojivá. Zaostávanie v HDP na obyvateľa, v produktivite práce, v spotrebe domácností, aj v ďalších ukazovateľoch, ktoré vypovedajú o kvalite životnej úrovne. SR je oslabovaná vysokou infláciou, vysokými deficitmi bežného účtu aj verejných financií, vysokou nezamestnanosťou. Cieľom Slovenska pre najbližšie roky je rýchlo sa etablovať v štruktúrach a fungovaní EÚ, prioritou vlády zostáva splnenie podmienok pre vstup do eurozóny. 
610 2 0 |a Slovensko 
610 2 0 |a ukazovatele makroekonomické 
610 2 0 |a Európska únia 
610 2 0 |a produkt domáci hrubý 
610 2 0 |a nezamestnanosť 
610 2 0 |a inflácia 
100 1 |a Novák, Marcel, 1979-